000 00146 a2200073 4500
020 _a0868128503
082 _a0020207142
245 _aDie stiller stroom
999 _c793210
_d793209
942 _w13411
_xBongani Makatu
_y13411
_zBongani Makatu